[Event "AUT-ch"]
[Site "Voitsberg"]
[Date "1995.??.??"]
[Round "6"]
[White "Sinowjew, Juri"]
[Black "Stanec, Nikolaus"]
[Result "0-1"]
[WhiteElo "2320"]
[BlackElo "2480"]
[Annotator "ChessBase"]
[PlyCount "148"]
[EventDate "1995.??.??"]
[EventType "tourn"]
[EventRounds "15"]
[EventCountry "AUT"]
[EventCategory "5"]
[SourceTitle "CBM 049 Extra"]
[Source "ChessBase"]
[SourceDate "1996.01.01"]
[SourceVersion "1"]
[SourceVersionDate "1996.01.01"]
[SourceQuality "1"]

1. e4 c5 2. Nf3 e6 3. d4 cxd4 4. Nxd4 Nc6 5. Nb5 d6 6. c4 Nf6 7. N1c3 a6 8. Na3
Be7 9. Be2 O-O 10. Be3 b6 11. f4 Bb7 12. Bf3 Nb4 13. Qd2 d5 14. exd5 exd5 15.
O-O Ne4 16. Qe2 Re8 17. Nxd5 Nxd5 18. cxd5 Bxa3 19. bxa3 Qxd5 20. Bxb6 Qd6 21.
Qb2 Bc6 22. Qd4 Qg6 23. Rac1 Rac8 24. f5 Qxf5 25. Rfe1 h6 26. Re3 Qg5 27. Rxc6
Rxc6 28. Bxe4 Rce6 29. h4 Qb5 30. Bd3 Qc6 31. Rxe6 Rxe6 32. Ba5 $2 (32. Bc5
$142 Qc7 33. Bb4 Qc1+ 34. Kh2 Qc7+ 35. Kh3 $16) 32... Rd6 33. Qe4 $2 (33. Qc4
$142 Qd7 34. Bc2 Rc6 35. Qe4 $16) 33... Qc5+ 34. Kh2 Rxd3 35. Qxd3 Qxa5 36. Qe3
Qc7+ 37. Kg1 Qc6 38. Qb3 Qc1+ 39. Kh2 Qf4+ 40. g3 Qd2+ 41. Kg1 Qd6 42. Kf2 g6
43. Qc3 Qe6 44. Kf3 Kh7 45. Qd3 Kg7 46. Qc2 Qd5+ 47. Ke3 Qe5+ 48. Kf3 a5 49. a4
g5 50. hxg5 hxg5 51. Qb3 f5 52. Qb5 Qc3+ 53. Ke2 Qc2+ 54. Ke1 Qe4+ 55. Kf2 g4
56. Kg1 Kg6 57. Qb6+ (57. a3 Kf6 (57... Qe3+ 58. Kg2 Qf3+ 59. Kh2)) 57... Kh5
58. Qxa5 Qe3+ 59. Kh1 Qf3+ 60. Kh2 Qf2+ 61. Kh1 Qf1+ 62. Kh2 Qh3+ 63. Kg1 Qxg3+
64. Kf1 Qf3+ 65. Kg1 Qe3+ 66. Kg2 Qe4+ 67. Kf2 Qc2+ 68. Kg3 Qd3+ 69. Kg2 Qe2+
70. Kg1 Kh4 71. Qc7 Qe1+ 72. Kg2 Qd2+ 73. Kh1 f4 74. Qa7 Kh3 0-1

[Event "New York op"]
[Site "New York"]
[Date "1989.??.??"]
[Round "4"]
[White "Fishbein, Alexander"]
[Black "Polgar, Judit"]
[Result "1-0"]
[WhiteElo "2490"]
[BlackElo "2555"]
[Annotator "ChessBase"]
[PlyCount "85"]
[EventDate "1989.03.??"]
[EventType "swiss"]
[EventRounds "9"]
[EventCountry "USA"]
[SourceTitle "CBM 012"]
[Source "ChessBase"]
[SourceDate "1989.10.01"]
[SourceVersion "1"]
[SourceVersionDate "1989.10.01"]
[SourceQuality "1"]

1. e4 c5 2. Nf3 e6 3. d4 cxd4 4. Nxd4 Nc6 5. Nb5 d6 6. Bf4 e5 7. Be3 Nf6 8. Bg5
a6 $6 (8... Be6 $1 9. Nd2 Be7 10. Bxf6 Bxf6 11. Nc4 O-O 12. Qxd6 Qc8 13. c3
Bxc4 14. Bxc4 Qg4 {N; vgl. Matthias Wahls:The Anti-Taimanov. London.1988. T.U.
I. Enterprises. 14...a6 15.Na3 Qg4 (15...Rd8). -> CBM 10/S.45} 15. O-O Rad8 16.
Qc5 $2 {>= 16.Qc7!? Rc8 17.f3!; Nunn,J-Tal,M/Reykjavik WCup/1988/1/2-1/2/ ->
CBM 10/S.45}) 9. Bxf6 gxf6 10. N5c3 f5 11. Bc4 $6 (11. Qh5 $5 Nd4 12. Bc4 Qc7
13. Nd2 Nxc2+ 14. Ke2 Nxa1 15. Rxa1 b5 16. Nd5 Qd8 17. Bb3 $16 {Polugaevsky;
Matthias Wahls:The Ant-Taimanov.London.1988.T.U.I. Enterprises. Seite 7.})
11... Qg5 (11... Nd4 12. Nd2 Qg5 13. g3 $6 Bh6 $17 {Balinas-Kortschnoj/Lugano
ol/1968/}) 12. O-O $1 {N} (12. g3 fxe4 13. Nxe4 Qg6 14. Nbc3 Nd4 15. O-O Bh3
16. Re1 O-O-O 17. f3 d5 $17 {-> Wahls,S.7;}) 12... Rg8 $2 (12... fxe4 $1 13.
Nxe4 Qg6 14. Nbc3 Bf5 {/\ 0-0-0; Huebner}) 13. g3 f4 $2 14. Nd5 Rb8 15. Nbc3 $5
Nd4 16. Kh1 b5 (16... f3 $5 17. Qc1 Qg6) 17. Be2 {/\ 18.Nxf4} b4 18. Nc7+ Kd8
19. N3d5 Qg6 20. Qd3 $1 f5 21. Nxa6 Rb5 (21... fxe4 22. Qc4 Rb7 23. Nxf4 $1)
22. a4 $1 Ra5 {>= 22...bxa3} (22... Bxa6 23. axb5 Bxb5 24. Ra8+ Kd7 25. Qxd4 $1
exd4 26. Bxb5+ Ke6 27. Nxf4+ $18) 23. Qc4 $1 Qf7 (23... Rg7 24. Nxf4 $1) 24.
Qxb4 Rxd5 25. Qb6+ Ke7 26. Qc7+ Bd7 27. Nb8 $1 Rc5 28. Qxd7+ Kf6 29. Qxf7+ Kxf7
30. Bh5+ Ke7 31. exf5 Rxc2 32. a5 Bh6 33. Na6 Nxf5 34. Nb4 Rxb2 35. Nd5+ Ke6
36. a6 Rgb8 37. Bf3 Nd4 38. Be4 Re2 39. a7 Rf8 40. Nc3 Rxe4 41. Nxe4 Ra8 42.
Rfb1 Nc6 43. Rb6 1-0

[Event "Linares 10th"]
[Site "Linares"]
[Date "1992.??.??"]
[Round "7"]
[White "Anand, Viswanathan"]
[Black "Illescas Cordoba, Miguel"]
[Result "1-0"]
[WhiteElo "2670"]
[BlackElo "2555"]
[Annotator "Dautov,R"]
[PlyCount "75"]
[EventDate "1992.02.??"]
[EventType "tourn"]
[EventRounds "13"]
[EventCountry "ESP"]
[EventCategory "17"]
[SourceTitle "CBM 028"]
[Source "ChessBase"]
[SourceDate "1992.06.01"]
[SourceVersion "1"]
[SourceVersionDate "1992.06.01"]
[SourceQuality "1"]

1. e4 c5 2. Nf3 e6 3. d4 cxd4 4. Nxd4 Nc6 5. Nb5 d6 6. c4 Nf6 7. N1c3 a6 8. Na3
b6 9. Be2 Bb7 10. O-O Nb8 11. f3 Be7 12. Be3 Nbd7 13. Qd2 O-O 14. Rfd1 Qc7 15.
Rac1 Rac8 16. Bf1 (16. Kh1 Qb8 17. Bf1 Kh8 18. Nc2 Rg8 19. b3 Bc6 20. Bg1 g5
21. Re1 Rg6 (21... Ba8 $142) 22. Nd5 $1 $14 {Anand,V-Polgar,Zso.,New Delhi 1990
}) 16... Rfe8 17. Kh1 Qb8 18. Nc2 Ne5 (18... Bd8 $5 19. Bf4 Ne5 20. b3 Bc7 $14)
19. b3 Ba8 20. Bg1 Red8 $6 (20... Kh8 21. Re1 Rg8 22. Nd4 g5 $132) 21. Nd4 Bf8
$2 {><b6} (21... Kh8 $142) 22. Re1 Ned7 $2 (22... g6 23. Na4 $2 d5 24. cxd5 b5
25. Rxc8 Rxc8 26. Nb2 exd5 27. f4 Bh6 $17) 23. a3 Bb7 (23... d5 24. cxd5 Bxa3 (
24... exd5 25. Bxa6 Bxa3 26. Ra1 Bb4 27. Bxc8 Rxc8 28. Ndb5 dxe4 29. fxe4 Nxe4
30. Qxd7 Nxc3 31. Rf1 $18) 25. Rc2 (25. dxe6 $5 Bxc1 26. Rxc1 $36) 25... exd5
26. Bxa6 Bb7 27. Bxb7 Qxb7 28. e5 $16) 24. b4 $16 Rc7 25. Nb3 Ba8 26. Na4 Bc6
27. Nb2 $1 Ba8 28. Bd4 Rdc8 29. Red1 Be7 (29... b5 30. cxb5 Rxc1 31. Rxc1 Rxc1
32. Qxc1 axb5 33. Qe3 e5 34. Ba7 Qb7 35. Na5 Qc7 36. Bxb5 d5 37. exd5 Nxd5 38.
Qg1 Qc2 $132) (29... b5 30. Na5 $1 bxc4 31. Rxc4 Rxc4 32. Bxc4 $16 {><a6}) 30.
Qf2 Qb7 $2 (30... b5 $142 31. Na5 $16) 31. Na4 $18 Rb8 (31... b5 32. Na5 Qb8
33. Nb6 $18) 32. Nxb6 $1 Nxb6 33. Na5 Qa7 34. c5 dxc5 35. bxc5 Nc8 (35... Bxc5
36. Bxc5 Nfd7 37. Rxd7 Rxd7 38. Bxb6 $18) 36. c6 Rb6 37. Rb1 Rxb1 38. Rxb1 1-0

[Event "Biel"]
[Site "Biel"]
[Date "1986.07.27"]
[Round "7"]
[White "Nunn, John DM"]
[Black "Cebalo, Miso"]
[Result "1/2-1/2"]
[WhiteElo "2590"]
[BlackElo "2475"]
[Annotator "Dolmatov,S"]
[PlyCount "82"]
[EventDate "1986.07.20"]
[EventType "tourn"]
[EventRounds "11"]
[EventCountry "SUI"]
[EventCategory "12"]
[SourceTitle "MCL"]
[Source "ChessBase"]
[SourceDate "1999.07.01"]
[SourceVersion "1"]
[SourceVersionDate "1999.07.01"]
[SourceQuality "1"]

1. e4 c5 2. Nf3 e6 3. d4 cxd4 4. Nxd4 Nc6 5. Nb5 d6 6. c4 Nf6 7. N1c3 a6 8. Na3
Be7 9. Be2 b6 10. Be3 O-O 11. O-O Bb7 12. Qb3 Nd7 13. Rfd1 Ra7 (13... Nc5 14.
Qc2 (14. Bxc5 $2 bxc5 15. Qxb7 Na5) 14... Qc7 $132) 14. Rd2 Ba8 15. Qd1 Qb8 16.
Qf1 Nf6 17. Rad1 (17. f4 Na5 18. Bf3 Rc8 19. Rad1 d5 $132) 17... Ne5 18. f3
Ned7 19. Bf4 Ne5 20. Qf2 Re8 21. Be3 Ned7 22. g4 h6 23. h4 Nh7 24. Qg3 (24. f4
Nc5 25. Bf3 $132) 24... g5 25. hxg5 hxg5 26. Bf1 Ne5 27. Rh2 f6 28. Qf2 (28.
Qh3 $6 Bf8) (28. Nc2 Rc7 $15) 28... Bd8 29. Rh3 Nf8 30. Be2 Nfg6 31. Qh2 Rg7
32. Kf2 Bc7 33. Qh1 Kf7 34. Nc2 Nh4 35. Nd4 Rh8 36. f4 gxf4 37. Rxh4 (37. Bxf4
Nxg4+ 38. Bxg4 Rxg4 $17) 37... fxe3+ 38. Kxe3 Ng6 39. Rh5 Qg8 (39... b5 $5 40.
cxb5 Bb6 $17) 40. Rf1 Ke7 41. Qf3 Rf7 (41... Rf7 42. Rfh1 Rhh7 $15) 1/2-1/2

[Event "Bundesliga 1819"]
[Site "Germany"]
[Date "2019.04.07"]
[Round "15.5"]
[White "Edouard, Romain"]
[Black "Baramidze, David"]
[Result "1/2-1/2"]
[WhiteElo "2636"]
[BlackElo "2614"]
[Annotator "Edouard,R"]
[PlyCount "82"]
[EventDate "2018.11.10"]
[EventType "team-tourn"]
[EventRounds "15"]
[EventCountry "GER"]
[SourceTitle "CBM 189 Extra"]
[Source "ChessBase"]
[SourceDate "2019.06.03"]
[SourceVersion "1"]
[SourceVersionDate "2019.06.03"]
[SourceQuality "1"]
[WhiteTeam "Werder Bremen"]
[BlackTeam "Hockenheim"]
[WhiteTeamCountry "GER"]
[BlackTeamCountry "GER"]

1. c4 c5 2. Nf3 Nc6 3. d4 cxd4 4. Nxd4 Nf6 5. Nc3 e6 6. e4 Bb4 ({In an earlier
analysis I gave} 6... Bc5 {as a decent move, but I actually believe} 7. Nb3 Bb4
8. Bd3 {isn't so easy for Black.}) 7. Nxc6 bxc6 ({For} 7... dxc6 {the see
analysis of Edouard-Wells, 2018.}) 8. Bd3 e5 9. O-O O-O (9... Bc5 10. Qe2 d6
11. Be3 {shouldn't equalize for Black:} Bg4 $5 (11... Bxe3 12. Qxe3 Qb6 13. Qd2
O-O 14. Be2 Rd8 15. b3 Be6 16. Bf3 h6 17. Rad1 $36 {1/2-1/2 (57) Sjugirov,S 
(2646)-Hou,Y (2683) Doha 2015}) 12. f3 $5 $146 (12. Qe1 Nd7 13. Na4 Bxe3 14.
Qxe3 O-O 15. h3 Be6 16. b3 Nc5 17. Nc3 Bc8 18. Be2 Ne6 $11 {1/2-1/2 (40)
Karjakin,S (2779)-Grischuk,A (2752) Russia 2016}) 12... Bxe3+ 13. Qxe3 Be6 14.
Rfd1 Qb6 15. Qf2 $36) 10. Qe2 {A rare move, but played by Magnus twice.} (10.
Be3 $5 Bxc3 (10... d6 11. h3 $5 {and, although Black should be quite fine,
there is life in the position and it isn't so trivial to equalize!}) (10... d5
11. exd5 Bxc3 12. bxc3 cxd5 13. Bg5 dxc4 14. Bxc4 Qc7 15. Bxf6 Qxc4 16. Bxe5
Bf5 17. Bd4 $14 {The game is likely to be a draw, but of course with an extra
pawn and such a strong bishop on d4, White definitely has chances: ½-½ (31)
Nakamura,H (2781)-So,W (2788) London 2017.}) (10... Qe7 $5 {deserves attention.
}) 11. bxc3 d6 12. c5 (12. h3 Nd7 13. Qa4 Nc5 14. Bxc5 dxc5 $11 {1-0 (59)
Vishnu,P (2538)-Thybo,J (2464) Lund 2017}) 12... d5 13. exd5 Nxd5 14. Re1 Nxe3
15. Rxe3 Qd5 16. Qe2 Qxc5 17. Bc4 Re8 18. Re1 Rb8 19. h4 $36 {White has the
initiative but Black should draw without big problem.}) (10. Bg5 {isn't
threatening.} h6 11. Bh4 Bc5 12. Kh1 d6 (12... g5 $5 13. Bg3 d6 14. Rb1 Rb8 $5
{0-1 (43) Borgo,G (2397)-Tarlev,K (2552) Ortisei 2018}) 13. f3 Be6 $13 {
1/2-1/2 (59) Nakamura,H (2789)-Gelfand,B (2777) Wijk aan Zee 2014}) (10. Qc2 $5
h6 11. a3 Bc5 12. b4 Bd4 13. Rb1 d5 (13... d6 $1 {should be the correct move:}
14. Ne2 Bb6 15. h3 Be6 $13) 14. exd5 cxd5 15. Nb5 dxc4 16. Bxc4 Ba6 (16... Bb7
$5 17. Nxd4 Be4 18. Bd3 Rc8 19. Qb3 Qxd4 20. Bxe4 Qxe4 21. Bb2 $36) 17. Nxd4
Bxc4 18. Qxc4 Qxd4 19. Qe2 $14 {1/2-1/2 (30) Morozevich,A (2712)-Maletin,P 
(2571) Russia 2014}) (10. Bd2 {isn't threatening:} d6 11. a3 Bc5 12. b4 Bd4 13.
Rb1 d5 $13 {0-1 (37) Batchelor,P (2332)-Edouard,R (2619) Telford 2017}) (10.
Na4 $6 d5 $1 11. Bg5 dxe4 (11... d4 12. c5 h6 13. Bh4 g5 14. Bg3 Qe7 15. Rc1
Ba5 $13 {½-½ (41) Rohde,M (2375)-Ruck,R (2505) Las Vegas 2018}) 12. Bc2 Qxd1
13. Rfxd1 Bg4 $36 {1-0 (44) Afanasiev,N (2494)-Jakovenko,D (2735)
Khanty-Mansiysk 2018}) 10... Qe7 $6 (10... Bxc3 11. bxc3 d6 12. c5 dxc5 (12...
d5 13. exd5 e4 14. Bc2 cxd5 15. Bf4 $14) 13. Bc4 $1 $146 (13. f3 Be6 14. Be3
Qe7 15. a4 Rfb8 $11 {½-½ (44) Carlsen,M (2835)-Anand,V (2773) St Petersburg
2018}) 13... Qe7 14. Ba3 {and I prefer White, as Black isn't able to play ...
Be6 in good conditions.}) (10... d6 $1 {is the right move, in my opinion.} 11.
Na4 d5 $1 12. a3 (12. exd5 cxd5 13. cxd5 e4 14. Bc4 Bg4 15. Qe3 Bd7 16. Nc3 Qc7
17. Be2 Rfe8 $44) 12... Bd6 13. Bg5 (13. exd5 cxd5 14. cxd5 e4 15. Bc2 Bg4 16.
Qd2 Qc7 17. h3 Bf5 $44) 13... h6 (13... d4 $5 14. c5 Be7 {should be the way.
The position is unclear.}) 14. Bxf6 Qxf6 15. cxd5 cxd5 16. exd5 Qf4 17. Bb5 Bg4
18. Qe3 Qxe3 19. fxe3 Rab8 20. Nc3 Rfc8 21. a4 Bc5 22. Rae1 $14 {½-½ (60)
Karjakin,S (2782)-Vachier Lagrave,M (2789) Paris 2018}) (10... Re8 $5 {is
another good move, preparing ...d5 when White goes Na4:} 11. Na4 d5 $1 12. a3
Bd6 13. Bg5 h6 (13... d4 $5) 14. Bxf6 Qxf6 15. cxd5 cxd5 16. Nc3 $6 (16. Bb5 $5
) 16... d4 17. Nd5 Qg5 18. Rac1 Bh3 19. Qf3 Be6 20. Rc6 Rad8 $15 {½-½ (28)
Carlsen,M (2835)-Gelfand,B (2673) St Petersburg 2018}) (10... Bc5 11. Na4 Bd4
12. Be3 Bxe3 13. Qxe3 d6 14. c5 $1 d5 15. exd5 Nxd5 16. Qxe5 $14 {1-0 (59)
Karjakin,S (2782)-Vachier Lagrave,M (2789) Leuven 2018}) 11. Na4 d5 12. Bg5
dxe4 $6 (12... d4 13. f4 Bd6 14. c5 Bc7 (14... Bxc5 $2 15. fxe5 Qxe5 16. Bxf6
gxf6 17. Nxc5 Qxc5 18. Rxf6 $16) 15. f5 h6 16. Bh4 Bd8 $1 17. a3 Qc7 18. b4 Nd7
$13) 13. Bxe4 h6 $1 {The move I had missed.} (13... Qe6 14. Bxf6 Qxf6 15. c5
$14) 14. Bxf6 (14. Bxc6 $2 hxg5 15. Bxa8 Bd7 $17) 14... Qxf6 15. c5 Rd8 16.
Rfd1 Bf5 17. g3 $6 (17. Bxf5 Qxf5 18. a3 Ba5 19. Rd6 $1 $14 (19. Qa6 $2 Qc2
$132)) 17... Bxe4 18. Qxe4 Rd2 $1 {With this clever move, Black solved all of
his problems.} 19. f4 $2 {Pushing too much, and I was perfectly aware of it.} (
19. Rxd2 Bxd2 20. Rd1 Rd8 21. Qe2 Ba5 22. Rxd8+ Qxd8 $11) 19... Rad8 20. Rxd2
Bxd2 21. Qxe5 Qg6 $1 {Strongest.} (21... Qxe5 22. fxe5 Rd5 $11) 22. Nc3 Qc2 23.
Ne2 Rd3 24. Nd4 Qxb2 25. Nxc6 (25. Qe8+ Kh7 26. Qe4+ g6 27. Qxd3 Qxa1+ 28. Kf2
{should be a draw.}) 25... Be3+ 26. Kh1 Qe2 $1 {A nasty surprise.} 27. Ne7+ $2
{I strongly hesitated between this move and the good one. My final pick was
wrong!} (27. Qe4 $1 Rd2 28. Ne7+ Kf8 29. Qa8+ Kxe7 30. Qe4+ {does make a draw.}
) 27... Kf8 28. Qb8+ Kxe7 29. Qe5+ Kf8 30. Qb8+ Ke7 31. Qe5+ Kd8 $2 (31... Kd7
$1 32. c6+ Kc8 $1 (32... Kd8 $4 33. c7+ Kc8 34. Qe8+ Kxc7 35. Rc1+ $16) 33.
Qf5+ Kc7 34. Qxf7+ Kd6 $1 35. Qd7+ Kc5 36. Qe7+ Rd6 (36... Kxc6 $4 37. Rc1+ $18
) (36... Kd5 $4 37. Qe5+ Kxc6 38. Rc1+ $18) 37. Qe5+ Kb6 38. Rb1+ Ka6 $1 39.
Qe4 Rd1+ 40. Rxd1 Qxd1+ 41. Kg2 Bc5 {and Black should be winning.}) 32. Qb8+
Kd7 33. Qb7+ $2 (33. c6+ $1 Kxc6 34. Qc8+ Kd5 (34... Kd6 35. Qd8+ $11) 35. Qb7+
Kd4 36. Qb4+ $11 {was much more convincing.}) 33... Ke6 $2 (33... Ke8 $1 34.
Qe4+ Kd8 35. Qa8+ Kc7 36. Qxa7+ Kc6 37. Qb6+ Kd5 38. Qb7+ Kc4 39. Qxf7+ Rd5 {
and Black wins.}) 34. Qe4+ Kf6 35. Qe5+ {Now it's just a draw.} Kg6 36. Qe4+ f5
37. Qe6+ Kh7 (37... Kh5 38. Qxf5+ g5 39. Qf7+ Kg4 40. Qe6+ Kf3 41. Qc6+ $11)
38. Qxf5+ Kg8 39. Qe6+ Kf8 40. Qf5+ Ke8 41. Qe5+ Kf8 1/2-1/2

[Event "BCF-chT 1718 (4NCL)"]
[Site "England"]
[Date "2018.01.14"]
[Round "4.13"]
[White "Edouard, Romain"]
[Black "Wells, Peter K"]
[Result "1-0"]
[WhiteElo "2613"]
[BlackElo "2443"]
[Annotator "Edouard,R"]
[PlyCount "51"]
[EventDate "2017.11.11"]
[EventType "team-swiss"]
[EventRounds "11"]
[EventCountry "ENG"]
[SourceTitle "CBM 183"]
[Source "ChessBase"]
[SourceDate "2018.03.14"]
[SourceVersion "1"]
[SourceVersionDate "2018.03.14"]
[SourceQuality "1"]
[WhiteTeam "Guildford"]
[BlackTeam "White Rose"]
[WhiteTeamCountry "ENG"]
[BlackTeamCountry "ENG"]

1. c4 c5 2. Nf3 Nc6 3. d4 cxd4 4. Nxd4 Nf6 5. Nc3 e6 6. e4 Bb4 (6... Bc5 $5 {
might be the simplest option to equalise:} 7. Nxc6 (7. Nb3 Bb4 {should be a
good version of the main line (6.g3 Qb6 7.Nb3 Bb4)}) 7... dxc6 $1 ({Of course
not} 7... bxc6 $2 8. e5 Ng8 9. Ne4 $16 {1-0 (30) Muzychuk,A (2558)-Kosteniuk,A
(2549) Tehran 2017}) 8. Qxd8+ Kxd8 9. Bf4 e5 10. O-O-O+ (10. Bxe5 Bxf2+ 11. Ke2
Bc5 $11) 10... Ke7 11. Bxe5 Ng4 $13) 7. Nxc6 dxc6 (7... bxc6 {is also critical,
Black should be fine but it's a lively game:} 8. Bd3 e5 9. O-O O-O (9... Bc5
10. Qe2 d6 11. Be3 Bg4 $5 (11... Bxe3 12. Qxe3 Qb6 13. Qd2 O-O 14. Be2 Rd8 15.
b3 Be6 16. Bf3 h6 17. Rad1 $36 {1/2-1/2 (57) Sjugirov,S (2646)-Hou,Y (2683)
QAT 2015}) 12. f3 $5 (12. Qe1 Nd7 13. Na4 Bxe3 14. Qxe3 O-O 15. h3 Be6 16. b3
Nc5 17. Nc3 Bc8 18. Be2 Ne6 $11 {1/2-1/2 (40) Karjakin,S (2779)-Grischuk,A 
(2752) RUS 2016}) 12... Bxe3+ 13. Qxe3 Be6 14. Rfd1 Qb6 15. Qf2 $36) 10. Be3 (
10. Bg5 h6 11. Bh4 Bc5 12. Kh1 d6 13. f3 Be6 $13 {1/2-1/2 (59) Nakamura,H 
(2789)-Gelfand,B (2777) NED 2014}) (10. Qc2 h6 11. a3 Bc5 12. b4 Bd4 13. Rb1 d5
(13... d6 $5 {might be the correct move:} 14. Ne2 Bb6 15. h3 Be6 $13) 14. exd5
cxd5 15. Nb5 dxc4 16. Bxc4 Ba6 (16... Bb7 $5 17. Nxd4 Be4 18. Bd3 Rc8 19. Qb3
Qxd4 20. Bxe4 Qxe4 21. Bb2 $36) 17. Nxd4 Bxc4 18. Qxc4 Qxd4 19. Qe2 $14 {
1/2-1/2 (30) Morozevich,A (2712)-Maletin,P (2571) Rostov-on-Don RUS 2014}) (10.
Bd2 {isn't threatening:} d6 11. a3 Bc5 12. b4 Bd4 13. Rb1 d5 $13 {0-1 (37)
Batchelor,P (2332)-Edouard,R (2619) Telford 2017}) 10... d5 (10... d6 11. h3 $5
{and, although Black should be quite fine, there is life in the position and
it isn't so trivial to equalise!}) 11. exd5 Bxc3 12. bxc3 cxd5 13. Bg5 dxc4 14.
Bxc4 Qc7 15. Bxf6 Qxc4 16. Bxe5 Bf5 17. Bd4 $14 {½-½ (31) Nakamura,H (2781)
-So,W (2788) London 2017. The game is likely to be a draw, but of course with
an extra pawn and such a strong bishop on d4, White definitely has chances.})
8. Qxd8+ Kxd8 9. e5 Ne4 (9... Nd7 $5 10. Bf4 Bxc3+ 11. bxc3 b6 12. h4 Bb7 13.
h5 h6 14. Rh4 Ke7 15. O-O-O $5 $146 (15. Rg4 Rag8 16. Bd3 f6 $13 {1/2-1/2 (46)
Kapnisis,S (2451)-Postny,E (2606) Heraklion GRE 2017}) 15... Rhd8 16. Rg4 Kf8
17. Bg3 $1 {with a more pleasant position for White.}) 10. a3 Bxc3+ (10... Ba5
$6 11. b4 Nxc3 12. bxa5 c5 13. h4 Bd7 14. Rh3 Na4 15. Rg3 Rg8 16. Bd3 g6 17.
Be4 Rb8 18. Bg5+ Kc7 19. Rf3 {1-0 (19) Mastrovasilis,A (2538)-Berzinsh,R (2394)
MKD 2016}) 11. bxc3 b6 (11... Kc7 {might be stronger:} 12. h4 (12. Be3 b6 13.
Bd3 Nc5 14. Bxc5 bxc5 15. O-O-O Ba6 {is very close to equal.}) 12... b6 13. Rh3
f5 $5 14. exf6 gxf6 15. Bh6 (15. Re3 f5 $5 16. g4 Bd7 17. f3 Nc5 $13) 15... Rg8
16. Re3 Nc5 $13 {1-0 (41) Benjamin,J (2555)-Chandler,M (2590) Cannes 1992} (
16... Nd6 $1 $15)) (11... Nxc3 $6 12. a4 Ne4 13. a5 $44) 12. h4 $5 (12. Be3 $5
Bd7 13. Bd3 Nc5 14. O-O-O $36) (12. a4 Kc7 13. h4 f5 14. Rg1 Ba6 (14... Rd8 15.
g4 fxg4 16. h5 $1 $14 (16. Rxg4 Rd1+ $1 $13)) (14... Rf8 $5 {with the idea} 15.
g4 f4 $1 {might be best}) 15. g4 Rhg8 16. a5 Nc5 17. Be3 g6 18. gxf5 exf5 19.
axb6+ axb6 20. Bxc5 bxc5 21. f4 $14 {1/2-1/2 (87) Dubov,D (2661)-Sjugirov,S 
(2662) Kaliningrad RUS 2015}) 12... h6 $6 $146 (12... Ba6 13. h5 $1 (13. Rh3
Kc7 14. Be3 Nxc3 15. Bd3 Rad8 16. Bc2 Bxc4 17. Bg5 Nb5 18. Bxd8+ Rxd8 $13 {
0-1 (45) Muzychuk,M (2491)-Ivanchuk,V (2733) FRA 2013}) 13... h6 14. Rh4 $5 (
14. Be3 Nc5 15. Rh4 Ke7 16. Rg4 Rhg8 17. O-O-O $11 {1-0 (31) Mastrovasilis,D 
(2589)-Gagunashvili,M (2556) POL 2013}) 14... f5 (14... Nxc3 $2 15. a4 $18) 15.
exf6 Nxf6 16. Bf4 Ke7 17. a4 $14 {0-1 (40) Dubov,D (2614)-Radjabov,T (2717)
ESP 2014}) (12... Ke7 13. a4 Ba6 14. Rh3 Rhd8 15. a5 $36 {1-0 (56) Votava,J 
(2521)-Bernasek,J (2512) CZE 2016}) (12... Kc7 $5 {might be best - transposing
into 11...Kc7.}) 13. Rh3 Nc5 $6 (13... Bb7 14. a4 $14) 14. Be3 Nd7 15. Rg3 g6 (
15... Nxe5 $2 16. Bd4 $16) 16. h5 g5 $6 (16... gxh5 17. f4 ({or} 17. Rd1 Ke7
18. f4) (17. Bf4 Ba6 18. Rh3 Kc7 19. Rxh5 Nc5 20. Be3 $14) 17... Nc5 18. Rd1+
Ke7 19. Rh3 Ba6 20. Bf2 $40) 17. f4 gxf4 18. Bxf4 Ke7 19. O-O-O Bb7 20. Rgd3 $1
$18 Nc5 (20... Rad8 $6 21. Bg3 $18) 21. Rd6 {Black is paralysed.} Bc8 22. Bg3
$1 f5 (22... Bd7 23. Bh4+ Ke8 24. g4 Rg8 25. Be2 $18) (22... Ne4 23. Bh4+ $18)
23. Bh4+ Kf7 24. Rxc6 Ba6 (24... Re8 25. Rc7+ Kg8 26. Bf6 $18) 25. Rc7+ Kg8 26.
Rd6 $1 (26. Rd6 Rh7 (26... Bb7 27. Bf2 $18) 27. Rxc5 $18) 1-0

[Event "Alushta3"]
[Site "Alushta"]
[Date "1994.??.??"]
[Round "2"]
[White "Kruppa, Yuri"]
[Black "Fominyh, Alexander"]
[Result "1-0"]
[WhiteElo "2505"]
[BlackElo "2515"]
[Annotator "Ernst,T"]
[PlyCount "122"]
[EventDate "1994.??.??"]
[EventType "tourn"]
[EventRounds "11"]
[EventCountry "UKR"]
[EventCategory "8"]
[SourceTitle "CBM 041"]
[Source "ChessBase"]
[SourceDate "1994.08.01"]
[SourceVersion "1"]
[SourceVersionDate "1994.08.01"]
[SourceQuality "1"]

1. e4 c5 2. Nf3 e6 3. d4 cxd4 4. Nxd4 Nc6 5. Nb5 d6 6. c4 Nf6 7. N1c3 a6 8. Na3
b6 9. Be3 Be7 10. Be2 O-O 11. O-O Bb7 12. Qb3 Nd7 13. Rfd1 Nc5 14. Qc2 Bf6 15.
Rac1 Qe7 (15... Bxc3 16. Qxc3 Nxe4 17. Qb3 $1 $16 {Nunn-Ljubojevic/Beograd/
1991/}) 16. Nab1 Nb4 (16... Rfd8 17. a3 Na7 18. b4 Nd7 19. Nd2 $16 {Rodriguez,
Am-Castaneda,O/Bogota Lat Cup/1991/}) 17. Qd2 Rfd8 18. Qe1 a5 $5 19. Bf1 Rab8
20. f3 (20. a3 Nba6 21. Nd2 Bxc3 (21... a4 $5) 22. Rxc3 Nxe4 23. Nxe4 Bxe4 24.
c5 $3 $44) 20... d5 $1 $10 21. cxd5 exd5 22. exd5 Nxd5 23. Nxd5 Bxd5 24. Nc3
Be6 (24... Bxc3 25. Rxc3 Na4 26. Rc2 Bxa2 $13) 25. Qf2 h6 26. Bd4 Bh4 27. Qe3
Bg5 28. f4 Bf6 29. Be5 Rxd1 30. Rxd1 Rd8 31. Rxd8+ Qxd8 32. Bxf6 Qxf6 33. Qd2
Qe7 34. Qd4 Bf5 35. Qd2 Nd7 36. h3 h5 37. Kh2 Be6 38. Be2 Nf6 39. Bf3 Qc5 $2
40. Qd8+ $16 Kh7 41. Be4+ Bf5 (41... Nxe4 42. Nxe4 Qe3 43. Ng5+ Kg6 44. Nxe6
fxe6 45. Qg5+ $16) 42. Na4 $1 Qb5 43. Qxb6 Qxa4 44. Bxf5+ Kh6 45. Qb8 $18 Ne8 (
45... g6 46. Qf8+ $18) 46. Qe5 f6 47. Qe4 Qxe4 48. Bxe4 Nd6 49. Bd3 h4 50. g3
hxg3+ 51. Kxg3 Kh5 52. b3 g5 53. f5 Kh6 54. a3 Nc8 55. Kf2 Kh5 56. Be2+ Kh4 57.
Bg4 Nd6 58. Ke3 Kg3 59. Kd4 Nb5+ 60. Kd5 Nxa3 61. Ke6 Nc2 1-0